Największe miasta morza Śródziemnego - Statystyki

Ogólne statystyki
  • Ten quiz został rozwiązany 159 razy
  • Średni wynik to 5 z 10
Statystyki odpowiedzi
lp. Ludność Miasto % Poprawnych
6 1 620 809 Barcelona
86%
2 2 988 145 Algier
74%
10 855 393 Marsylia
73%
8 963 661 Neapol
67%
1 4 546 231 Aleksandria
63%
4 2 220 000 Trypolis
58%
5 2 060 363 Bejrut
39%
3 2 803 418 Izmir
34%
7 1 194 204 Antalya
25%
9 915 703 Mersin
3%
Nie znaleziono quizów pasujących do podanych kryteriów
Rozkład punktacji
Procent ludzi z każdym wynikiem
Percentyl według liczby udzielonych odpowiedzi
Twoja historia wyników
Nie rozwiązałeś tego quizu